000 00991nam a2200289 4500
003 EG-GICUC
005 20260121101145.0
008 251105s1980 le ||||fq|||| 00| 0 ara d
040 _a EG-GICUC
_bara
_c EG-GICUC
_d EG-GICUC
_erda
041 0 _aara
082 0 4 _221
_a341.6
_bا س . ف
092 0 4 _221
099 _aLaw1 11 341.6 ا س . ف 2 ed - 1980
100 0 _aاسماعيل صبرى عبد الله
_eمؤلف.
245 1 0 _aفى مواجهة اسرائيل /
_cاسماعيل صبرى عبد الله .
250 _aالطبعة الثانية
264 1 _aبيروت:
_bدار الوحدة،
_c1980.
300 _a163 ؛صفحة
_c24 سم
336 _2rda content
_atext
337 _2rda media
_aComputer
338 _2rda carrier
_aOnline Resource
546 _aالنص باللغة العربية
650 1 _aالقانون الحربى
856 4 0 _uhttps://fll.law.cu.edu.eg/fulltext/bks/B11-06394.pdf
905 _aRawan khaled
942 _2ddc
_n0
_cBK
_e21
999 _c41045
_d41045